000 00657nam a2200205Ia 4500
005 20260202141859.0
008 210716s9999 xx 000 0 und d
040 _cAIMIT LIBRARY
041 _aeng
082 _a658.3
_25
_bCHHT
100 _aChhabra, T N.
_919504
245 _aHuman resource management :
_bconcepts and issues /
_cBy T N Chhabra.
250 _a5th ed.
_b5th Revised Edition
260 _aNew Delhi :
_bDhanpat Rai and Co (P) Ltd ,
_c2014.
300 _axv, 824p ;
_c23cm.
_bPB
650 _aJob analysis and design
_919505
650 _aCompensation
_919506
650 _aAppraisal and audit
_919507
942 _2ddc
_cBK
_e5th
_k658.3 CHHT
999 _c209014
_d209014